000 00354nam a2200133Ia 4500
005 20260326100039.0
008 260326s9999||||xx |||||||||||||| ||und||
100 _aNavarro, José Gabriel
245 0 _aGuía artística de la Ciudad de Quito /
_cJosé Gabriel Navarro
260 _bLa Prensa Católica
300 _a105 p.
650 _aARTE
942 _cBK
999 _c6934
_d6934